000 00397nam a2200145Ia 4500
008 230917s9999||||xx |||||||||||||| ||und||
040 _e35047
_aMAIN
041 _aEnglish
082 _a801.93 L25M
100 _aLang, Berel, ed
245 0 _aMarxism and art: writings in aesthetics and criticism
260 _aNew York
_bDavid Mekay Company, Inc
_c1972
300 _aviii, 470 p.
942 _cBK
999 _c174344
_d174344